| 000 | 00756nam a2200229 i 4500 | ||
|---|---|---|---|
| 001 | 6497 | ||
| 003 | ES-MaACL | ||
| 005 | 20250727041228.0 | ||
| 007 | t| | ||
| 008 | 891127s1986 sp ||||1| spa d | ||
| 020 | _a84-505-4380-0 | ||
| 080 | _a329.285(467.33)"1868-1945" | ||
| 245 | 0 | 3 |
_aEl anarquismo en Alicante _b: (1868-1945). |
| 260 |
_aAlicante : _bInstituto de Estudios Juan Gil-Albert, Diputación Provincial de Alicante, _c[1986] |
||
| 300 |
_a167 p. : _bil. ; _c22 cm. |
||
| 650 | 7 |
_aAnarquismo- _zAlicante (Provincia)- _vExposiciones _2 _9167900 |
|
| 655 | 7 |
_2tgfbne _9193628 _aCatálogos de exposiciones |
|
| 710 | 2 |
_aInstituto de Estudios "Juan Gil-Albert" _94913 |
|
| 852 |
_aES-MaACL _jL-13639 |
||
| 942 | _2udc | ||
| 999 |
_c6497 _d6497 |
||